[Event "14PCR_PF05"]
[Site "?"]
[Date "2003.??.??"]
[Round "?"]
[White "Dbaly, Vaclav"]
[Black "Klima, Milos"]
[Result "1-0"]
[WhiteElo "2015"]
[BlackElo "2290"]
[PlyCount "67"]
[EventDate "2003.??.??"]
[EventType "corr"]
[EventRounds "2"]
[SourceDate "2004.??.??"]

1. e4 c6 2. d4 d5 3. Nc3 dxe4 4. Nxe4 Nf6 5. Nxf6+ gxf6 6. c3 Bf5 7. Ne2 Qc7 8.
Ng3 Bg6 9. Be3 Nd7 10. h4 h6 11. h5 Bh7 12. Qd2 O-O-O 13. Bxh6 Bxh6 14. Qxh6 e5
15. Qe3 Rhe8 16. d5 Nb6 17. dxc6 Qxc6 18. Be2 f5 19. Bf3 e4 20. Be2 Qf6 21. h6
Re6 22. Rd1 Rg8 23. Qf4 Qg5 24. Qxg5 Rxg5 25. Rh4 Nd7 26. Bc4 Rb6 27. Rd5 Rxb2
28. Nxe4 Rxg2 29. Kf1 Rg6 30. Nd6+ Kc7 31. Nb5+ Kc8 32. Nxa7+ Kc7 33. Nb5+ Kc8
34. Bd3 1-0

[Event "14PCR_PF05"]
[Site "?"]
[Date "2003.??.??"]
[Round "?"]
[White "Bernard, Roman"]
[Black "Klima, Milos"]
[Result "1-0"]
[WhiteElo "1800"]
[BlackElo "2290"]
[PlyCount "71"]
[EventDate "2003.??.??"]
[EventType "corr"]
[EventRounds "2"]
[SourceDate "2004.??.??"]

1. e4 c6 2. d4 d5 3. Nd2 dxe4 4. Nxe4 Nf6 5. Nxf6+ gxf6 6. c3 Bf5 7. Nf3 Qc7 8.
g3 Nd7 9. Bg2 O-O-O 10. O-O e6 11. Nh4 Bg6 12. a4 f5 13. b4 Nf6 14. Bg5 Be7 15.
b5 Nd5 16. Bxe7 Nxe7 17. bxc6 Nxc6 18. f4 f6 19. Qb3 Rhe8 20. a5 a6 21. Rfb1
Rd7 22. Qa4 Nd8 23. Rb4 Qd6 24. Rab1 Rg8 25. Rb6 Qe7 26. Bf1 Rd6 27. Qc4+ Rc6
28. Rxc6+ Nxc6 29. Nxg6 hxg6 30. Bg2 Qd6 31. Rb6 Kc7 32. Bxc6 bxc6 33. Qxa6 Rb8
34. Kf2 Kd7 35. Qa7+ Kc8 36. Ke3 1-0

[Event "14PCR_PF05"]
[Site "?"]
[Date "2003.??.??"]
[Round "?"]
[White "Dbaly, Vaclav"]
[Black "Goc, Pavel"]
[Result "0-1"]
[WhiteElo "2015"]
[BlackElo "2215"]
[PlyCount "104"]
[EventDate "2003.??.??"]
[EventType "corr"]
[EventRounds "2"]
[SourceDate "2004.??.??"]

1. e4 e5 2. Nf3 Nc6 3. Bb5 a6 4. Ba4 Nf6 5. O-O Nxe4 6. d4 b5 7. Bb3 d5 8. dxe5
Be6 9. c3 Bc5 10. Nbd2 O-O 11. Bc2 f5 12. Nb3 Bb6 13. Nfd4 Nxd4 14. Nxd4 Bd7
15. f3 Nc5 16. Kh1 g6 17. Re1 Ne6 18. Be3 c5 19. Nxe6 Bxe6 20. b4 d4 21. bxc5
dxe3 22. cxb6 Qxb6 23. Qd4 Qxd4 24. cxd4 Rfc8 25. Bb3 Bxb3 26. axb3 Rc3 27. d5
Rxb3 28. f4 Rd3 29. d6 b4 30. g3 b3 31. Kg2 Rb8 32. Kf3 b2 33. Rab1 Kf7 34. Re2
Rdb3 35. Rc2 Ke6 36. Rc7 R8b7 37. Rc5 g5 38. fxg5 R7b5 39. Rc8 e2+ 40. Kxe2
Rxe5+ 41. Kd2 Kxd6 42. Ra8 a5 43. Ra6+ Kc7 44. Ra7+ Kb6 45. Rxh7 a4 46. Rh8 Kc5
47. Ra8 Kb4 48. g6 Re7 49. Rf8 a3 50. Rb8+ Kc4 51. Rc8+ Kd4 52. Rd8+ Ke4 0-1

[Event "14PCR_PF05"]
[Site "?"]
[Date "2003.??.??"]
[Round "?"]
[White "Houdek, Vladimir"]
[Black "Bednarik, Radovan"]
[Result "0-1"]
[WhiteElo "2105"]
[BlackElo "2190"]
[PlyCount "88"]
[EventDate "2003.??.??"]
[EventType "corr"]
[EventRounds "2"]
[SourceDate "2004.??.??"]

1. c4 Nf6 2. Nc3 e5 3. Nf3 Nc6 4. g3 d5 5. cxd5 Nxd5 6. Bg2 Nb6 7. O-O Be7 8.
a3 O-O 9. b4 Be6 10. Rb1 a6 11. d3 f5 12. Bb2 Qd6 13. b5 Nd4 14. bxa6 bxa6 15.
Nd2 Rab8 16. e3 Nb5 17. a4 Na3 18. Bxa3 Qxa3 19. Qc2 Bb4 20. Rfc1 Bxc3 21. Qxc3
Qxc3 22. Rxc3 Nxa4 23. Rxc7 Rxb1+ 24. Nxb1 Rd8 25. Nd2 Rxd3 26. Nf3 Rc3 27. Ra7
e4 28. Ng5 Bc8 29. Re7 Kf8 30. Rf7+ Ke8 31. Rxg7 h6 32. Nh3 Bd7 33. Bf1 Rc6 34.
Rg8+ Kf7 35. Ra8 Bc8 36. Nf4 Nc3 37. Ra7+ Kf6 38. Kg2 Ke5 39. Re7+ Kd6 40. Ra7
Kc5 41. Ra8 Kb6 42. Ng6 f4 43. Ne7 f3+ 44. Kh1 Bb7 0-1

[Event "14PCR_PF05"]
[Site "?"]
[Date "2003.??.??"]
[Round "?"]
[White "Novak, Borivoj"]
[Black "Slavik, Miroslav"]
[Result "0-1"]
[WhiteElo "2125"]
[BlackElo "2160"]
[PlyCount "46"]
[EventDate "2003.??.??"]
[EventType "corr"]
[EventRounds "2"]
[SourceDate "2004.??.??"]

1. c4 e5 2. a3 d6 3. d3 Nc6 4. e3 Nf6 5. Nc3 d5 6. cxd5 Nxd5 7. Be2 Be6 8. Bf3
Qd7 9. Nge2 O-O-O 10. O-O Nxc3 11. Nxc3 Na5 12. b4 Qxd3 13. Bb2 Nc4 14. Qa4
Nxb2 15. Qxa7 Qa6 16. Qxa6 bxa6 17. Rab1 Nc4 18. b5 a5 19. a4 Nd2 20. b6 Nxb1
21. Rxb1 cxb6 22. Rxb6 Bb4 23. Rc6+ Kd7 0-1

[Event "14PCR_PF05"]
[Site "?"]
[Date "2003.??.??"]
[Round "?"]
[White "Novak, Borivoj"]
[Black "Bernard, Roman"]
[Result "0-1"]
[WhiteElo "2125"]
[BlackElo "1800"]
[PlyCount "60"]
[EventDate "2003.??.??"]
[EventType "corr"]
[EventRounds "2"]
[SourceDate "2004.??.??"]

1. c4 e5 2. a3 d6 3. d3 Be7 4. b4 Nf6 5. g3 O-O 6. Bg2 Nbd7 7. Nc3 c6 8. e3 Nb6
9. Bb2 Bf5 10. Nf3 Qc8 11. O-O Bh3 12. Rc1 Bxg2 13. Kxg2 Qe6 14. h3 Nfd7 15. h4
Qg6 16. e4 f5 17. Rh1 fxe4 18. Nxe4 Qf5 19. Qe2 a5 20. b5 Na4 21. Bc3 d5 22.
cxd5 cxd5 23. Neg5 Bxa3 24. Qa2 Bxc1 25. Qxd5+ Kh8 26. Rxc1 h6 27. Bxe5 hxg5
28. Bxg7+ Kxg7 29. Qd4+ Kg6 30. Nxg5 Nac5 0-1

[Event "14PCR_PF05"]
[Site "?"]
[Date "2003.??.??"]
[Round "?"]
[White "Slavik, Miroslav"]
[Black "Houdek, Vladimir"]
[Result "1/2-1/2"]
[WhiteElo "2160"]
[BlackElo "2105"]
[PlyCount "68"]
[EventDate "2003.??.??"]
[EventType "corr"]
[EventRounds "2"]
[SourceDate "2004.??.??"]

1. d4 d5 2. c4 dxc4 3. e4 e5 4. Nf3 exd4 5. Bxc4 Nc6 6. O-O Be6 7. Bb5 Bc5 8.
Qc2 Bb6 9. a4 a5 10. Bxc6+ bxc6 11. Qxc6+ Bd7 12. Qc4 Be6 13. Qd3 c5 14. b3 f6
15. e5 Qd7 16. Nbd2 Ne7 17. exf6 gxf6 18. Ne4 O-O 19. Ba3 Rac8 20. Rac1 Bf5 21.
Rfe1 Nd5 22. Nh4 Bxe4 23. Qxe4 Rce8 24. Qf3 Re5 25. Rxe5 fxe5 26. Qg3+ Qg7 27.
Qxg7+ Kxg7 28. Bxc5 Rc8 29. Ba3 Rc3 30. Rxc3 dxc3 31. Kf1 Kf6 32. Nf3 e4 33.
Ne1 h5 34. g3 Kf5 1/2-1/2

[Event "14PCR_PF05"]
[Site "?"]
[Date "2003.??.??"]
[Round "?"]
[White "Bednarik, Radovan"]
[Black "Dbaly, Vaclav"]
[Result "1-0"]
[WhiteElo "2190"]
[BlackElo "2015"]
[PlyCount "71"]
[EventDate "2003.??.??"]
[EventType "corr"]
[EventRounds "2"]
[SourceDate "2004.??.??"]

1. d4 Nf6 2. f3 d5 3. e4 dxe4 4. Nc3 exf3 5. Nxf3 Bg4 6. h3 Bh5 7. g4 Bg6 8.
Ne5 e6 9. Bg2 c6 10. Bg5 Nbd7 11. Qe2 Bb4 12. Nxg6 hxg6 13. Bd2 Qb6 14. O-O-O
Qxd4 15. g5 Nh5 16. Ne4 Be7 17. Rhf1 Qa4 18. Kb1 Rd8 19. Be3 e5 20. Rd3 Qa5 21.
Rfd1 Qc7 22. Qg4 Rg8 23. h4 Nf4 24. Bxf4 exf4 25. Nd6+ Kf8 26. Qxf4 f6 27. gxf6
Nxf6 28. Be4 Rh8 29. Bxg6 Rh6 30. h5 b5 31. a3 Rd7 32. Qe5 Bxd6 33. Rxd6 Rxd6
34. Rxd6 Qe7 35. Re6 Qd8 36. Qc5+ 1-0

[Event "14PCR_PF05"]
[Site "?"]
[Date "2003.??.??"]
[Round "?"]
[White "Goc, Pavel"]
[Black "Klima, Milos"]
[Result "1-0"]
[WhiteElo "2215"]
[BlackElo "2290"]
[PlyCount "103"]
[EventDate "2003.??.??"]
[EventType "corr"]
[EventRounds "2"]
[SourceDate "2004.??.??"]

1. e4 c6 2. Nc3 d5 3. Nf3 d4 4. Ne2 c5 5. Ng3 Nc6 6. Bc4 g6 7. d3 Bg7 8. O-O e6
9. Bd2 Nge7 10. a3 O-O 11. b4 b6 12. Qe2 e5 13. b5 Nb8 14. Ng5 Nd7 15. f4 Qe8
16. f5 Nf6 17. fxg6 hxg6 18. Qf2 Be6 19. Nxe6 fxe6 20. Bxe6+ Kh8 21. Ne2 Nh7
22. Qh4 Bf6 23. Qg3 Ng8 24. Bd5 Rd8 25. a4 g5 26. Bxg8 Rxg8 27. Rf5 Rg6 28.
Raf1 Rd6 29. Qh3 Qg8 30. Ng3 g4 31. Qh5 Re6 32. R5f2 Qe8 33. Nf5 Rg8 34. Qxe8
Rexe8 35. Nd6 Re6 36. Nf7+ Kg7 37. Nh6 g3 38. Nf5+ Kh8 39. Nxg3 Bh4 40. Rf7
Bxg3 41. hxg3 Rg7 42. g4 Reg6 43. Rxg7 Kxg7 44. Rf5 Re6 45. g5 Nf8 46. Be1 Nd7
47. Bg3 Re7 48. Kh2 Kg6 49. Kh3 Rh7+ 50. Kg4 Re7 51. Bh2 Re8 52. Rf3 1-0

[Event "14PCR_PF05"]
[Site "?"]
[Date "2003.??.??"]
[Round "?"]
[White "Bernard, Roman"]
[Black "Goc, Pavel"]
[Result "1-0"]
[WhiteElo "1800"]
[BlackElo "2215"]
[PlyCount "57"]
[EventDate "2003.??.??"]
[EventType "corr"]
[EventRounds "2"]
[SourceDate "2004.??.??"]

1. d4 Nf6 2. f3 d5 3. e4 dxe4 4. Nc3 exf3 5. Nxf3 Bg4 6. h3 Bxf3 7. Qxf3 c6 8.
Be3 e6 9. Bd3 Be7 10. O-O O-O 11. Qg3 g6 12. Qf2 Kg7 13. a4 Nd5 14. Nxd5 exd5
15. Qd2 Re8 16. Bh6+ Kg8 17. Qf4 f6 18. h4 Kh8 19. h5 f5 20. Rae1 Nd7 21. hxg6
hxg6 22. Re3 Nf6 23. Qg5 Rg8 24. Re6 Qd7 25. Rfe1 Bd8 26. Rxf6 Bxf6 27. Qxf6+
Kh7 28. Kf2 Rae8 29. Rh1 1-0

[Event "14PCR_PF05"]
[Site "?"]
[Date "2003.??.??"]
[Round "?"]
[White "Klima, Milos"]
[Black "Bednarik, Radovan"]
[Result "0-1"]
[WhiteElo "2290"]
[BlackElo "2190"]
[PlyCount "88"]
[EventDate "2003.??.??"]
[EventType "corr"]
[EventRounds "2"]
[SourceDate "2004.??.??"]

1. e4 e5 2. Nc3 Nf6 3. g3 Nc6 4. Bg2 Bc5 5. Nge2 a6 6. O-O O-O 7. d3 d6 8. Bg5
h6 9. Bxf6 Qxf6 10. Kh1 Ne7 11. f4 Qg6 12. f5 Qf6 13. Rf3 b5 14. a3 c6 15. g4
Re8 16. Qe1 b4 17. axb4 Bxb4 18. h4 Rb8 19. Rh3 d5 20. Qg3 Qd6 21. g5 Bxc3 22.
Nxc3 Rxb2 23. Rf1 d4 24. Ne2 c5 25. Qf3 Rxc2 26. Ng3 Nc6 27. Nh5 Nb4 28. Nxg7
Kxg7 29. f6+ Kh8 30. Qh5 Qf8 31. Rg3 Rxg2 32. Rxg2 Bh3 33. Rg3 Bxf1 34. g6 fxg6
35. Rxg6 Kh7 36. Qf5 Kh8 37. Qxf1 Re7 38. Qf5 Rh7 39. Qxe5 Nxd3 40. Qg3 c4 41.
e5 Rf7 42. Kh2 a5 43. Rg4 Qb8 44. Rg7 Qb2+ 0-1

[Event "14PCR_PF05"]
[Site "?"]
[Date "2003.??.??"]
[Round "?"]
[White "Dbaly, Vaclav"]
[Black "Slavik, Miroslav"]
[Result "0-1"]
[WhiteElo "2015"]
[BlackElo "2160"]
[PlyCount "60"]
[EventDate "2003.??.??"]
[EventType "corr"]
[EventRounds "2"]
[SourceDate "2004.??.??"]

1. e4 c6 2. d4 d5 3. Nc3 dxe4 4. Nxe4 Nd7 5. Ng5 Ngf6 6. Bd3 e6 7. N1f3 Bd6 8.
Qe2 h6 9. Ne4 Nxe4 10. Qxe4 Nf6 11. Qh4 b6 12. Bg5 Rg8 13. Bxf6 Qxf6 14. Qe4
Bb7 15. Bb5 Rc8 16. c3 Rc7 17. Be2 c5 18. Qh7 Rf8 19. Rd1 Bxf3 20. Bxf3 g6 21.
dxc5 Bf4 22. cxb6 axb6 23. Rd4 Ke7 24. Re4 e5 25. g3 Bg5 26. h4 Qxf3 27. Rxe5+
Kd8 28. O-O f6 29. Qxg6 fxe5 30. hxg5 Rc6 0-1

[Event "14PCR_PF05"]
[Site "?"]
[Date "2003.??.??"]
[Round "?"]
[White "Houdek, Vladimir"]
[Black "Novak, Borivoj"]
[Result "1-0"]
[WhiteElo "2105"]
[BlackElo "2125"]
[PlyCount "49"]
[EventDate "2003.??.??"]
[EventType "corr"]
[EventRounds "2"]
[SourceDate "2004.??.??"]

1. c4 c5 2. Nf3 Nf6 3. Nc3 Nc6 4. g3 g6 5. Bg2 Bg7 6. d4 cxd4 7. Nxd4 O-O 8.
O-O a6 9. c5 Qc7 10. Nb3 d6 11. Bf4 Ne5 12. cxd6 exd6 13. Rc1 Qe7 14. Nd5 Nxd5
15. Qxd5 Qe6 16. Rfd1 Nc6 17. Qxd6 Qxd6 18. Bxd6 Re8 19. Rd2 Bg4 20. Bxc6 bxc6
21. f3 Be6 22. Nc5 Bh6 23. Bf4 Bg7 24. e4 Bh3 25. Nb7 1-0

[Event "14PCR_PF05"]
[Site "?"]
[Date "2003.??.??"]
[Round "?"]
[White "Houdek, Vladimir"]
[Black "Bernard, Roman"]
[Result "1/2-1/2"]
[WhiteElo "2105"]
[BlackElo "1800"]
[PlyCount "82"]
[EventDate "2003.??.??"]
[EventType "corr"]
[EventRounds "2"]
[SourceDate "2004.??.??"]

1. c4 e5 2. Nc3 Nc6 3. g3 f5 4. Bg2 Nf6 5. e3 d6 6. Nge2 g6 7. d4 Bg7 8. O-O
O-O 9. b3 a6 10. Bb2 Ne7 11. Qc2 c6 12. dxe5 dxe5 13. Rad1 Qc7 14. Ba3 Ne8 15.
Qd2 Bf6 16. e4 Rb8 17. Rfe1 Rf7 18. Bc5 b6 19. Be3 Be6 20. h4 Ng7 21. a4 Rff8
22. Qd6 Qxd6 23. Rxd6 Kf7 24. Red1 Rfc8 25. Bf3 Ne8 26. R6d2 b5 27. axb5 axb5
28. cxb5 cxb5 29. b4 Bb3 30. Ra1 Bc4 31. Ra7 Rc7 32. exf5 gxf5 33. Ra6 Kg7 34.
Bg2 Kf7 35. Kh2 Bg7 36. Ba7 Rbc8 37. Bb6 Bxe2 38. Nxe2 Rc2 39. Ra2 Rxd2 40.
Rxd2 Rc4 41. Bc5 Nf6 1/2-1/2

[Event "14PCR_PF05"]
[Site "?"]
[Date "2003.??.??"]
[Round "?"]
[White "Novak, Borivoj"]
[Black "Dbaly, Vaclav"]
[Result "1/2-1/2"]
[WhiteElo "2125"]
[BlackElo "2015"]
[PlyCount "53"]
[EventDate "2003.??.??"]
[EventType "corr"]
[EventRounds "2"]
[SourceDate "2004.??.??"]

1. c4 e5 2. a3 Nc6 3. Nc3 a5 4. Nf3 g6 5. g3 Bg7 6. Bg2 f5 7. d3 Nf6 8. e3 O-O
9. O-O d6 10. Qc2 Qd7 11. b3 b6 12. Bb2 Bb7 13. Rad1 Rad8 14. Nd2 Rfe8 15. h3
Rc8 16. Nd5 Nxd5 17. Bxd5+ Kh8 18. Kh2 Rf8 19. f4 Rce8 20. Rde1 Nd8 21. Bxb7
Nxb7 22. Nf3 Re7 23. d4 e4 24. Ng1 c6 25. a4 Rc8 26. Rc1 Ree8 27. Ne2 1/2-1/2

[Event "14PCR_PF05"]
[Site "?"]
[Date "2003.??.??"]
[Round "?"]
[White "Slavik, Miroslav"]
[Black "Klima, Milos"]
[Result "1-0"]
[WhiteElo "2160"]
[BlackElo "2290"]
[PlyCount "103"]
[EventDate "2003.??.??"]
[EventType "corr"]
[EventRounds "2"]
[SourceDate "2004.??.??"]

1. d4 Nf6 2. c4 e6 3. Nc3 c5 4. d5 exd5 5. cxd5 g6 6. e4 d6 7. Nf3 Bg7 8. Nd2
O-O 9. Be2 Re8 10. O-O Nbd7 11. a4 a6 12. Re1 Ne5 13. Qc2 Nfg4 14. Rf1 f5 15.
h3 Nf6 16. f4 Nf7 17. exf5 Bxf5 18. Bd3 Nh6 19. Nc4 Nfg4 20. g3 Nf6 21. Kg2 b5
22. axb5 axb5 23. Rxa8 Qxa8 24. Nxd6 Nxd5 25. Kh2 Nb4 26. Qb3+ Be6 27. Qd1 Nxd3
28. Qxd3 Rd8 29. Ncxb5 Qb8 30. Re1 Bf7 31. Be3 c4 32. Qa3 Bf8 33. Bc5 Nf5 34.
Rd1 Be8 35. g4 Ng7 36. Qf3 Qa8 37. Qxa8 Rxa8 38. Nc3 Rb8 39. Ba3 Ne6 40. f5 Nf4
41. Nxc4 Bxa3 42. bxa3 Rb3 43. Ne4 Rxh3+ 44. Kg1 gxf5 45. gxf5 Ne2+ 46. Kf2 Nc3
47. Nf6+ Kf7 48. Rd6 Nb5 49. Ne5+ Kf8 50. Rb6 Nd4 51. Nxe8 Nxf5 52. Nf6 1-0

[Event "14PCR_PF05"]
[Site "?"]
[Date "2003.??.??"]
[Round "?"]
[White "Bernard, Roman"]
[Black "Bednarik, Radovan"]
[Result "1-0"]
[WhiteElo "1800"]
[BlackElo "2190"]
[PlyCount "67"]
[EventDate "2003.??.??"]
[EventType "corr"]
[EventRounds "2"]
[SourceDate "2004.??.??"]

1. e4 e5 2. Nf3 Nc6 3. Bb5 a6 4. Ba4 Nf6 5. O-O b5 6. Bb3 Bd6 7. Re1 O-O 8. d4
Bb7 9. c3 h6 10. Qd3 Re8 11. Nbd2 Rb8 12. a3 Nh5 13. Nf1 Qf6 14. Bc2 Nf4 15.
Bxf4 Qxf4 16. Ne3 Qf6 17. Rad1 Rbd8 18. b4 Ba8 19. Nd5 Qe6 20. Nxe5 Bxe5 21. f4
Bxd4+ 22. cxd4 Rc8 23. f5 Qd6 24. Bb3 Ne7 25. e5 Qc6 26. Rc1 Qb7 27. Nf4 a5 28.
f6 a4 29. Bxf7+ Kxf7 30. Qh7 Rg8 31. e6+ dxe6 32. fxe7 Rge8 33. Rxe6 Qe4 34.
Qxe4 1-0

[Event "14PCR_PF05"]
[Site "?"]
[Date "2003.??.??"]
[Round "?"]
[White "Goc, Pavel"]
[Black "Slavik, Miroslav"]
[Result "0-1"]
[WhiteElo "2215"]
[BlackElo "2160"]
[PlyCount "38"]
[EventDate "2003.??.??"]
[EventType "corr"]
[EventRounds "2"]
[SourceDate "2004.??.??"]

1. e4 c6 2. d4 d5 3. Nc3 dxe4 4. Nxe4 Nd7 5. Bc4 Ngf6 6. Ng5 e6 7. Qe2 Nb6 8.
Bb3 h6 9. N5f3 c5 10. c3 Qc7 11. Be3 Nbd5 12. Ne5 a6 13. O-O-O b5 14. Ngf3 Bd6
15. g4 Bb7 16. Rhg1 Ne4 17. Qe1 c4 18. Bc2 Nexc3 19. bxc3 Qa5 0-1

[Event "14PCR_PF05"]
[Site "?"]
[Date "2003.??.??"]
[Round "?"]
[White "Klima, Milos"]
[Black "Novak, Borivoj"]
[Result "1-0"]
[WhiteElo "2290"]
[BlackElo "2125"]
[PlyCount "51"]
[EventDate "2003.??.??"]
[EventType "corr"]
[EventRounds "2"]
[SourceDate "2004.??.??"]

1. e4 c5 2. Nf3 d6 3. d3 Nc6 4. g3 g6 5. Bg2 Bg7 6. O-O Nf6 7. c3 O-O 8. Nbd2
Rb8 9. a4 b6 10. Re1 Bb7 11. Nf1 e6 12. d4 d5 13. e5 Ne4 14. Nh4 f6 15. f3 Nxc3
16. bxc3 fxe5 17. dxc5 bxc5 18. Bh3 Re8 19. Ba3 e4 20. fxe4 Bxc3 21. Bxc5 d4
22. Nd2 Ba6 23. Nhf3 Qa5 24. Ba3 Bxa1 25. Qxa1 Qxa4 26. Bd6 1-0

[Event "14PCR_PF05"]
[Site "?"]
[Date "2003.??.??"]
[Round "?"]
[White "Dbaly, Vaclav"]
[Black "Houdek, Vladimir"]
[Result "1-0"]
[WhiteElo "2015"]
[BlackElo "2105"]
[PlyCount "57"]
[EventDate "2003.??.??"]
[EventType "corr"]
[EventRounds "2"]
[SourceDate "2004.??.??"]

1. e4 e5 2. Nf3 Nc6 3. d4 exd4 4. Nxd4 Nf6 5. Nxc6 bxc6 6. e5 Qe7 7. Qe2 Nd5 8.
c4 Nb6 9. Nd2 Bb7 10. b3 a5 11. f4 a4 12. g3 Qe6 13. Bb2 axb3 14. axb3 Rxa1+
15. Bxa1 Bb4 16. Bg2 Qf5 17. Be4 Qh3 18. Bd4 c5 19. Bxb7 cxd4 20. Bg2 Qf5 21.
Be4 Qh3 22. Kf2 O-O 23. Nf3 f5 24. exf6 gxf6 25. Nh4 Qe6 26. Nf5 Kh8 27. Nxd4
Bc5 28. Rd1 Nc8 29. Kg2 1-0

[Event "14PCR_PF05"]
[Site "?"]
[Date "2003.??.??"]
[Round "?"]
[White "Dbaly, Vaclav"]
[Black "Bernard, Roman"]
[Result "0-1"]
[WhiteElo "2015"]
[BlackElo "1800"]
[PlyCount "68"]
[EventDate "2003.??.??"]
[EventType "corr"]
[EventRounds "2"]
[SourceDate "2004.??.??"]

1. e4 e5 2. Nf3 d6 3. d4 Nf6 4. Nc3 Nbd7 5. Bc4 Be7 6. O-O O-O 7. Qe2 c6 8. a4
exd4 9. Nxd4 Re8 10. f3 d5 11. exd5 Bc5 12. Qf2 Nb6 13. b3 Nbxd5 14. Bxd5 Nxd5
15. Nxd5 Qxd5 16. Bb2 Be6 17. Rfe1 Rad8 18. Rad1 Qh5 19. Re4 Bc8 20. Rxe8+ Rxe8
21. Qg3 f6 22. Kh1 Rd8 23. Qf2 Bd6 24. g4 Qg6 25. Qe2 Bc7 26. b4 Re8 27. Qf2 a5
28. c3 Re5 29. Bc1 Rd5 30. Qe2 h5 31. gxh5 Qxh5 32. Qf2 axb4 33. cxb4 Bd6 34.
Bb2 Bxb4 0-1

[Event "14PCR_PF05"]
[Site "?"]
[Date "2003.??.??"]
[Round "?"]
[White "Houdek, Vladimir"]
[Black "Klima, Milos"]
[Result "1-0"]
[WhiteElo "2105"]
[BlackElo "2290"]
[PlyCount "67"]
[EventDate "2003.??.??"]
[EventType "corr"]
[EventRounds "2"]
[SourceDate "2004.??.??"]

1. d4 Nf6 2. Nf3 e6 3. c4 c5 4. d5 exd5 5. cxd5 g6 6. Nc3 Bg7 7. e4 d6 8. Be2
O-O 9. O-O Re8 10. Nd2 a6 11. a4 Nbd7 12. Qc2 Ne5 13. Nd1 g5 14. Ne3 b6 15.
Ndc4 Nxc4 16. Nxc4 h6 17. f3 Qc7 18. h4 Nh7 19. Bd3 Bd4+ 20. Kh1 f6 21. f4 Nf8
22. e5 dxe5 23. Bg6 Rd8 24. fxg5 e4 25. d6 Qg7 26. Bxe4 Ra7 27. gxh6 Qg3 28.
Bd5+ Kh8 29. Qe4 Bg4 30. Ra3 Qxh4+ 31. Rh3 f5 32. Rxh4 fxe4 33. Rxg4 Nh7 34.
Rxe4 1-0

[Event "14PCR_PF05"]
[Site "?"]
[Date "2003.??.??"]
[Round "?"]
[White "Novak, Borivoj"]
[Black "Goc, Pavel"]
[Result "0-1"]
[WhiteElo "2125"]
[BlackElo "2215"]
[PlyCount "74"]
[EventDate "2003.??.??"]
[EventType "corr"]
[EventRounds "2"]
[SourceDate "2004.??.??"]

1. c4 Nf6 2. d4 e6 3. Nf3 b6 4. g3 Bb7 5. Bg2 Be7 6. O-O O-O 7. Nc3 Ne4 8. Qc2
Nxc3 9. bxc3 f5 10. d5 Bf6 11. Nd4 Bxd4 12. cxd4 exd5 13. Ba3 d6 14. cxd5 Nd7
15. f4 g6 16. e4 fxe4 17. Bxe4 Nf6 18. Bf3 Nxd5 19. Qb3 c6 20. Rae1 Qf6 21. Re4
Rfe8 22. Rfe1 Rxe4 23. Rxe4 Rf8 24. Bb2 Qf7 25. Bg4 Re8 26. Rxe8+ Qxe8 27. Kf2
Qf7 28. a3 g5 29. Bf3 gxf4 30. Bxd5 cxd5 31. g4 Qe7 32. Qf3 Qe4 33. Qe2 Kf7 34.
Qd2 Bc8 35. h3 Kg6 36. a4 Kg5 37. Kg1 Kh4 0-1

[Event "14PCR_PF05"]
[Site "?"]
[Date "2003.??.??"]
[Round "?"]
[White "Slavik, Miroslav"]
[Black "Bednarik, Radovan"]
[Result "1/2-1/2"]
[WhiteElo "2160"]
[BlackElo "2190"]
[PlyCount "104"]
[EventDate "2003.??.??"]
[EventType "corr"]
[EventRounds "2"]
[SourceDate "2004.??.??"]

1. e4 e5 2. Nf3 d6 3. d4 exd4 4. Nxd4 Nf6 5. Nc3 g6 6. f3 Bg7 7. Be3 O-O 8. Qd2
d5 9. O-O-O c5 10. Nb3 d4 11. Bg5 Qd6 12. Bf4 Qe7 13. Nd5 Nxd5 14. exd5 Qd7 15.
d6 b6 16. h4 Nc6 17. h5 Ne5 18. hxg6 fxg6 19. Bh6 Nf7 20. Bxg7 Kxg7 21. Nxd4
Qxd6 22. Nb5 Qxd2+ 23. Rxd2 a6 24. Nc3 Be6 25. Na4 Rfb8 26. Bd3 c4 27. Be4 Ra7
28. Re1 Bd7 29. Nc3 b5 30. Red1 Be6 31. Ne2 Re7 32. Nf4 Ne5 33. Rd6 Rbe8 34.
Nxe6+ Rxe6 35. Bb7 Kf7 36. Rxe6 Rxe6 37. Rd7+ Kf6 38. a4 c3 39. bxc3 bxa4 40.
f4 Nf7 41. Bd5 Re7 42. Rxe7 Kxe7 43. Kb2 Nd6 44. c4 Nf5 45. Ka3 Kd6 46. Kxa4
Ng3 47. Ka5 Kc5 48. Bg8 h5 49. Bf7 Ne2 50. f5 gxf5 51. Bxh5 Ng3 52. Bg6 Kxc4
1/2-1/2

[Event "14PCR_PF05"]
[Site "?"]
[Date "2003.??.??"]
[Round "?"]
[White "Bernard, Roman"]
[Black "Slavik, Miroslav"]
[Result "1-0"]
[WhiteElo "1800"]
[BlackElo "2160"]
[PlyCount "75"]
[EventDate "2003.??.??"]
[EventType "corr"]
[EventRounds "2"]
[SourceDate "2004.??.??"]

1. e4 c6 2. d4 d5 3. e5 Bf5 4. Nf3 e6 5. c3 c5 6. Be2 Nc6 7. O-O cxd4 8. Nxd4
Nge7 9. Nxf5 Nxf5 10. Bd3 Nh4 11. f4 Bc5+ 12. Kh1 Ng6 13. Nd2 Rc8 14. Nb3 Bb6
15. Bd2 Qh4 16. a4 O-O 17. a5 Bc7 18. Be3 a6 19. Rf3 Qg4 20. Be2 Qh4 21. Rh3
Qd8 22. Bd3 h6 23. Qg4 Ncxe5 24. fxe5 Nxe5 25. Qe2 Nxd3 26. Qxd3 Re8 27. Qe2
Bd6 28. Rf1 Bf8 29. Rg3 g6 30. Bd4 Qc7 31. Be5 Bd6 32. Bxd6 Qxd6 33. Qe3 Kg7
34. Nd4 Qc7 35. Nf3 Qc4 36. Re1 Qc7 37. Ne5 g5 38. Rxg5+ 1-0

[Event "14PCR_PF05"]
[Site "?"]
[Date "2003.??.??"]
[Round "?"]
[White "Bednarik, Radovan"]
[Black "Novak, Borivoj"]
[Result "1-0"]
[WhiteElo "2190"]
[BlackElo "2125"]
[PlyCount "41"]
[EventDate "2003.??.??"]
[EventType "corr"]
[EventRounds "2"]
[SourceDate "2004.??.??"]

1. d4 Nf6 2. f3 d5 3. e4 dxe4 4. Nc3 exf3 5. Nxf3 e6 6. Bd3 c5 7. Bg5 Be7 8.
dxc5 O-O 9. O-O g6 10. Qe1 Bxc5+ 11. Kh1 Be7 12. Qh4 Nc6 13. Rad1 Bd7 14. Bb5
h6 15. Bxh6 Nd5 16. Ng5 Bxg5 17. Bxg5 f6 18. Nxd5 fxg5 19. Rxf8+ Qxf8 20. Qxg5
exd5 21. Qxd5+ 1-0

[Event "14PCR_PF05"]
[Site "?"]
[Date "2003.??.??"]
[Round "?"]
[White "Goc, Pavel"]
[Black "Houdek, Vladimir"]
[Result "1/2-1/2"]
[WhiteElo "2215"]
[BlackElo "2105"]
[PlyCount "47"]
[EventDate "2003.??.??"]
[EventType "corr"]
[EventRounds "2"]
[SourceDate "2004.??.??"]

1. e4 e5 2. Nf3 Nc6 3. d4 exd4 4. c3 d5 5. exd5 Qxd5 6. cxd4 Bg4 7. Be2 Bb4+ 8.
Nc3 Bxf3 9. Bxf3 Qc4 10. Bxc6+ bxc6 11. Qb3 Qxb3 12. axb3 Nf6 13. O-O Kd7 14.
Na4 Rhb8 15. Rd1 Nd5 16. Bd2 a5 17. Bxb4 Nxb4 18. Kf1 Kd6 19. Nc5 Kd5 20. Rac1
f5 21. Ke2 Na2 22. Ra1 Nb4 23. Ra4 Rb5 24. h4 1/2-1/2

[Event "14PCR_PF05"]
[Site "?"]
[Date "2003.??.??"]
[Round "?"]
[White "Klima, Milos"]
[Black "Dbaly, Vaclav"]
[Result "1-0"]
[WhiteElo "2290"]
[BlackElo "2015"]
[PlyCount "67"]
[EventDate "2003.??.??"]
[EventType "corr"]
[EventRounds "2"]
[SourceDate "2004.??.??"]

1. e4 e5 2. Nc3 Nf6 3. g3 Bc5 4. Bg2 O-O 5. Nge2 c6 6. O-O Re8 7. d4 exd4 8.
Nxd4 d6 9. Bf4 Nbd7 10. Nb3 Bb4 11. Re1 Ne5 12. h3 Nc4 13. Qd4 Be6 14. Rab1 Qb6
15. Qd3 Nd7 16. Nd2 Nxd2 17. Qxd2 Bxa2 18. Rbd1 Ne5 19. b3 Qa5 20. Re3 a6 21.
Qe1 Re6 22. Ra1 b6 23. Bxe5 dxe5 24. Rd3 c5 25. Qe3 Bxc3 26. Rxc3 Rc8 27. Rc4
b5 28. Rxc5 Rxc5 29. Qxc5 h6 30. Bf1 h5 31. h4 Kh7 32. Bd3 Re8 33. Kf1 g6 34.
Ke2 1-0